01680nam a2200325 i 4500001001000000003000900010005001700019007000300036008004100039040003000080082001900110100004700129245009300176264005500269300005900324336002700383337003300410338002800443500007100471504003200542590002600574910000700600942001400607952012800621952011400749952011300863952011900976952024201095999001701337000025496DO-SdBNP20241112133856.0ta110217s2000 dr abc 000 0 spa d aDO-SdBNPbspacBNPHUerda axxxbS211a2221 aSánchez Javier, Leónidaseautor95214014aLos Arabes y sus descendientes en la República Dominicana :bun enfoque sociocultural. aSanto Domingo :bFondo Editorial Cooprouni,c2000. a163 páginas :bilustracion, retrato., mapa ;c23 cm. ardacontentbtexto2txt ardamediabsin mediación2n ardacarrierbvolumen2nc aIncluye datos biográficos del autor en la solapa de las cubierta aBibliografía : p. 159-163 aInventariado, 2024/DG aDG 2ddccLBS1 001052708DSaGRbGRcHDd2013-08-13iLF1l0oxxx S211ap25496-30r2020-06-25te. 3w2020-06-25yLFDSZPréstamo interno 00107-18PDaGRbGRcOId2019-06-25iLF1l0oxxx S211ap25496-50r2020-06-25w2020-06-25yLFPDZNo se presta 0010718PDaPDbPDcHDd2011-02-17iLF1l0oxxx S211ap25496-10r2020-06-25w2020-06-25yLFPDZNo se presta 0010718PDaPDbPDcHDd2013-07-30iLF1l0oxxx S211ap25496-20r2020-06-25te. 2w2020-06-25yLFPDZNo se presta 00102ddc56708DSaBNPHUbBNPHUcCTd2024-11-12eDonado por la Presidencia de la República Dominicana 2023l0oBNPHU DS S211ap2024-6384r2024-11-12te.5w2024-11-12yLBS1zPertenecio a la biblioteca personal de Emilio Cordero Michel c24988d24988